The mystery of the painted fan /

"The third book in the early chapter book series The Nguyen Kids features the youngest sibling, Jacob, and continues the series' exploration of social justice themes, specifically gender expression and identity, with a supernatural twist. Thoughtful and creative, Jacob is tired of being th...

Full description

Bibliographic Details
Main Author: Trinh, Linda (Author)
Other Authors: Nguyen, Clayton (Illustrator)
Format: Book
Language:English
Published: Toronto ; Berkeley : Annick Press, [2023]
Series:Trinh, Linda. Nguyen kids ; 3.
Subjects:

MARC

Tag First Indicator Second Indicator Subfields
LEADER 00000cam a2200000 i 4500
001 in00004763521
003 OCoLC
005 20231219140731.1
008 220804s2023 onca j 000 f eng
024 8 |a 40032061144 
040 |a NLC  |b eng  |e rda  |c YDX  |d NLC  |d BDX  |d TOH  |d UKMGB  |d OCLCF  |d SDG  |d NYP  |d GK5  |d VP@  |d T7L  |d LMJ  |d JBI  |d RB0  |d OCL  |d CGB  |d OCLCO  |d OCLCQ  |d YDX 
020 |a 9781773217710  |q (hardcover) 
020 |a 1773217712  |q (hardcover) 
020 |a 9781773217727  |q (paperback) 
020 |a 1773217720  |q (paperback) 
020 |z 9781773217734  |q html 
020 |z 9781773217741  |q pdf 
035 |a (OCoLC)1336702433 
042 |a lac 
043 |a n-cn--- 
050 4 |a PR9199.4.T747  |b M97 2023 
055 0 |a PS8639.R575  |b M97 2023 
082 0 |a 813/.6  |2 23 
084 |a cci1icc  |2 lacc 
100 1 |a Trinh, Linda,  |e author. 
245 1 4 |a The mystery of the painted fan /  |c written by Linda Trinh ; illustrated by Clayton Nguyen. 
264 1 |a Toronto ;  |a Berkeley :  |b Annick Press,  |c [2023] 
300 |a 109 pages :  |b illustrations (black and white) ;  |c 19 cm. 
336 |a text  |b txt  |2 rdacontent 
336 |a still image  |b sti  |2 rdacontent 
337 |a unmediated  |b n  |2 rdamedia 
338 |a volume  |b nc  |2 rdacarrier 
490 1 |a The Nguyen kids;  |v 3 
520 |a "The third book in the early chapter book series The Nguyen Kids features the youngest sibling, Jacob, and continues the series' exploration of social justice themes, specifically gender expression and identity, with a supernatural twist. Thoughtful and creative, Jacob is tired of being the baby of the family. He is ready to fully express himself in all of the ways that feel right to him, but not everyone seems as eager to accept change--even his own parents. He still loves hockey, yet he also wants to try something new, even if others may not understand. Confused and frustrated, Jacob turns to the beautiful fan his Grandma Nôi gave him, which features all of the Vietnamese zodiac animals. With the mysterious fan and memories of Grandma guiding him, Jacob finds the power to remain true to himself, and show his family who he could be."--  |c Provided by publisher. 
530 |a Issued also in electronic format. 
650 0 |a Families  |v Juvenile fiction. 
650 0 |a Grandparent and child  |v Juvenile fiction. 
650 0 |a Vietnamese  |v Juvenile fiction. 
650 0 |a Gender expression  |v Juvenile fiction. 
650 0 |a Children's stories. 
650 1 |a Family life  |v Fiction. 
650 1 |a Grandparent and child  |v Fiction. 
650 1 |a Vietnamese  |z Canada  |v Fiction. 
650 1 |a Siblings  |v Fiction. 
650 1 |a Magic  |v Fiction. 
650 1 |a Fans  |v Fiction. 
650 1 |a Identity  |v Fiction. 
650 1 |a Supernatural  |v Fiction. 
650 1 |a Gender identity  |v Fiction. 
650 6 |a Familles  |v Romans, nouvelles, etc. pour la jeunesse. 
650 6 |a Grands-parents et enfants  |v Romans, nouvelles, etc. pour la jeunesse. 
650 6 |a Vietnamiens  |v Romans, nouvelles, etc. pour la jeunesse. 
650 6 |a Histoires pour enfants. 
650 7 |a JUVENILE FICTION / Family / Multigenerational.  |2 bisacsh 
650 7 |a JUVENILE FICTION / People & Places / United States / Asian American.  |2 bisacsh 
650 7 |a JUVENILE FICTION / Readers / Chapter Books.  |2 bisacsh 
650 7 |a Children's stories  |2 fast 
650 7 |a Families  |2 fast 
650 7 |a Grandparent and child  |2 fast 
650 7 |a Vietnamese  |2 fast 
655 0 |a Children's stories. 
655 7 |a Fantasy fiction  |2 fast 
655 7 |a Paranormal fiction  |2 fast 
655 7 |a Novels  |2 fast 
655 7 |a Fiction  |2 fast 
655 7 |a Juvenile works  |2 fast 
655 7 |a Domestic fiction.  |2 lcgft 
655 7 |a Fantasy fiction.  |2 lcgft 
655 7 |a Novels.  |2 lcgft 
655 7 |a Paranormal fiction.  |2 lcgft 
655 7 |a Romans.  |2 rvmgf 
700 1 |a Nguyen, Clayton,  |e illustrator. 
776 0 8 |i Online version:  |a Trinh, Linda.  |t Mystery of the painted fan.  |d Toronto : Annick Press Ltd., 2023  |z 1773217739  |z 9781773217734  |w (OCoLC)1341997572 
800 1 |a Trinh, Linda.  |t Nguyen kids ;  |v 3. 
945 |b 923551 
947 |a A14852486993 
980 |b print  |c 40032061144  |g 565712  |k USD  |m 17.99  |q 1  |s AcqMono Conventional  |t Approval plan  |u Vendor order reference number  |v ZYBP  |y Print approval  |z Physical resource 
999 f f |i 3235e9f2-d462-449a-a92b-93f8a5551c23  |s bfb54bed-ac6c-4474-b0d0-0d1684126ae3  |t 0 
952 f f |p normal  |a Texas A&M University  |b College Station  |c Sterling C. Evans Library  |s Evans curr  |d Evans: Curriculum Collection (4th floor)  |t 0  |e PR9199.4.T747 M97 2023  |h Library of Congress classification  |i unmediated -- volume  |m A14852486993